Mismatch between demand and supply (Record no. 118450)

MARC details
000 -LEADER
fixed length control field 01121cam a2200217 4500
001 - CONTROL NUMBER
control field WB@3612-183
008 - FIXED-LENGTH DATA ELEMENTS--GENERAL INFORMATION
fixed length control field 041215n2004 000 0 eng u
035 ## - SYSTEM CONTROL NUMBER
System control number (Sirsi) u128310
245 ## - TITLE STATEMENT
Title Mismatch between demand and supply
260 ## - PUBLICATION, DISTRIBUTION, ETC.
Date of publication, distribution, etc. 2004
490 ## - SERIES STATEMENT
Series statement Estates Gazette
Volume/sequential designation (0450) 11 December 2004, 38(1)
520 ## - SUMMARY, ETC.
Summary, etc. The continued mismatch between demand and supply pushing property yields lower has enabled property to remain the best performing asset class on an annual basis for a fifth consecutive month. Annual all-property total return was 19.2% in November 2004 on the "CBRE monthly index". Despite a fourth successive month of no rental growth for offices, annual all-offices rental growth was positive for the first time since February 2002. Retail remains the best performing sector and there was also rental growth in the industrial market for the first time sicne July 2004.
590 ## - LOCAL NOTE (RLIN)
Local note WB
590 ## - LOCAL NOTE (RLIN)
Local note WB
650 ## - SUBJECT ADDED ENTRY--TOPICAL TERM
Topical term or geographic name entry element CBRE MONTHLY INDEX
650 ## - SUBJECT ADDED ENTRY--TOPICAL TERM
Topical term or geographic name entry element PROPERTY PERFORMANCE
650 ## - SUBJECT ADDED ENTRY--TOPICAL TERM
Topical term or geographic name entry element CAPITAL VALUES
650 ## - SUBJECT ADDED ENTRY--TOPICAL TERM
Topical term or geographic name entry element CAPITAL GROWTH
690 ## - LOCAL SUBJECT ADDED ENTRY--TOPICAL TERM (OCLC, RLIN)
Topical term or geographic name as entry element COMMERCIAL PROPERTY-MARKET
942 ## - ADDED ENTRY ELEMENTS (KOHA)
Suppress in OPAC 0
Holdings
Withdrawn status Lost status Source of classification or shelving scheme Damaged status Not for loan Home library Current library Shelving location Date acquired Total Checkouts Full call number Barcode Date last seen Copy number Price effective from Koha item type
    Other/Generic Classification Scheme     London London News article 15/12/2004   WB@3612-183 128310-1001 06/08/2019 1 06/08/2019 News article